000 00603pam a2200205 a 4500
020 _a0891586652 :
020 _a0865312176 (pbk.) :
040 _cDLC
082 0 0 _a333 WES 1982 A018 Or.
245 0 0 _aRenewable natural resources :
_ba management handbook for the 1980s /
260 _aBoulder, Colo. :
_bWestview Press,
_c1982.
300 _axv, 316 p. :
_bill. ;
_c24 cm.
650 0 _aRenewable natural resources
650 0 _aConservation of natural resources
650 0 _aEnergy policy
700 1 _aLittle, Dennis L.
700 1 _aDils, Robert E.
700 1 _aGray, John,
942 _cEK
999 _c12243
_d12243